Mcteague (Record no. 122456)

MARC details
000 -LEADER
fixed length control field 00782nam a2200277Ia 4500
003 - CONTROL NUMBER IDENTIFIER
control field OSt
005 - DATE AND TIME OF LATEST TRANSACTION
control field 20220918164001.0
008 - FIXED-LENGTH DATA ELEMENTS--GENERAL INFORMATION
fixed length control field 220917b |||||||| |||| 00| 0 eng d
020 ## - INTERNATIONAL STANDARD BOOK NUMBER
International Standard Book Number 0393091368X
037 ## - SOURCE OF ACQUISITION
Terms of availability Textual
040 ## - CATALOGING SOURCE
Original cataloging agency ARTS
Transcribing agency ARTS
Language of cataloging eng
041 ## - LANGUAGE CODE
Source of code eng
Language code of text/sound track or separate title eng
100 ## - MAIN ENTRY--PERSONAL NAME
Personal name Norris Frank
9 (RLIN) 16395
245 #0 - TITLE STATEMENT
Title Mcteague
Remainder of title a story of San Francisco
260 ## - PUBLICATION, DISTRIBUTION, ETC.
Place of publication, distribution, etc. New York
Name of publisher, distributor, etc. W.W. Norton & co. USA
Date of publication, distribution, etc. 1977
300 ## - PHYSICAL DESCRIPTION
Extent xi, 380p
Dimensions cm.
490 ## - SERIES STATEMENT
Series statement A norton critical edition
650 ## - SUBJECT ADDED ENTRY--TOPICAL TERM
Topical term or geographic name entry element ENGLISH LITERATURE
700 ## - ADDED ENTRY--PERSONAL NAME
Personal name Pizer Donald Ed.
9 (RLIN) 7346
942 ## - ADDED ENTRY ELEMENTS (KOHA)
Classification part O111,3M70,MC, L7
Koha item type Textual
Source of classification or shelving scheme Colon Classification (CC)
Holdings
Withdrawn status Lost status Damaged status Not for loan Home library Current library Date acquired Total Checkouts Full call number Barcode Date last seen Price effective from Koha item type
        Arts Library Arts Library 2022-09-18   O111,3M70,MC L7 AL1334637 2022-09-18 2022-09-18 Textual
Copyright @ Delhi University Library System